00236 a2200109 4500001000700000020000600007040001100013100003800024240003000062245002500092362000900117170976 a  cMagnum aAssociacao Parceria Contra Drogas10aCrescendo sem drogaslpor10aCrescendo sem drogas0 a1899